| 000 | 00574nam a2200241 a 4500 | ||
|---|---|---|---|
| 001 | nice12345678 | ||
| 003 | IN_TiNIC | ||
| 005 | 20260116011320.0 | ||
| 008 | 050524s1899 lona grp 000 0 eng | ||
| 020 |
_a _c0 |
||
| 082 | 0 | 0 |
_a305.480297 _bBIR |
| 100 | _aBird, M R S | ||
| 245 | _aPersian Women and Their Creed | ||
| 260 |
_aLondon _bChurch Missionary Society _c1899 |
||
| 300 | _a104p | ||
| 500 | _aincludes index and biblioraphy | ||
| 505 | 2 | _aindex | |
| 650 | _aWomen in Islam | ||
| 700 | 1 | _aBird, M R S | |
| 902 | _bSRS | ||
| 942 | _cBK | ||
| 999 |
_c437 _d437 |
||